000 00492pab a2200169 454500
008 180718b2010 xxu||||| |||| 00| 0 eng d
100 _aLuxmi
245 _aRelationship between learning organization and organizational effectiveness: An empirical study of few selected information
260 _c2010
300 _ap.49-77.
650 _aInformation technology
650 _aOrganizations
700 _aSuri, Ganmala
773 _aManagement and Change
908 _aN
909 _a91791
999 _c91791
_d91791